| 000 | 00630cam a2200229 4500 | ||
|---|---|---|---|
| 008 | 090401t1985 xxu||||| |||| 00| 0 eng d | ||
| 020 | _a0580150712 | ||
| 035 | _a(Sirsi) u13673 | ||
| 041 | _aeng | ||
| 050 | _a658.562 | ||
| 110 |
_aBritish Standards Institution _9130 |
||
| 245 | _aQuality management systems ...statistical interpretation of data | ||
| 260 |
_aLondon _bBritish Standards Institution _c1985 |
||
| 300 | _aviii,317p. ; 30cm. | ||
| 350 | _a120 | ||
| 490 |
_aBSI Handbook _v25 |
||
| 650 | _aBRITISH STANDARDS | ||
| 650 | _aQUALITY ASSURANCE | ||
| 650 | _aSTATISTICS | ||
| 942 | _n0 | ||
| 948 | _c04/03/1997 | ||
| 999 |
_c87130 _d87130 |
||